| 000 | 01514nam a2200397 i 4500 | ||
|---|---|---|---|
| 001 | 43613 | ||
| 003 | KOSZ 005 | ||
| 005 | 20220505085848.0 | ||
| 008 | 220505s2003 pl f f 000 0 pol d | ||
| 020 | _a8373650423 | ||
| 040 |
_aKOSZ 005 _cKOSZ 005/RW |
||
| 046 | _k2003 | ||
| 080 | _a346(438) | ||
| 245 | 0 | 0 |
_aŹródła prawa gospodarczego / _cwybór dokumentów i opracowanie Halina Salik ; Politechnika Koszalińska. |
| 250 | _aStan prawny na dzień 1 stycznia 2004 r. | ||
| 260 |
_aKoszalin : _bWydawnictwo Uczelniane Politechniki Koszalińskiej, _c2003. |
||
| 300 |
_a415 stron ; _c24 cm. |
||
| 336 |
_aTekst _btxt _2rdacontent |
||
| 337 |
_aBez urządzenia pośredniczącego _bn _2rdamedia |
||
| 338 |
_aWolumin _bnc _2rdacarrier |
||
| 380 | _aKsiążki | ||
| 380 | _aPublikacje fachowe | ||
| 380 | _aPublikacje dydaktyczne | ||
| 385 |
_mPoziom nauczania _aSzkoły wyższe |
||
| 388 | 1 | _a2001- | |
| 650 | 7 | _aPrawo gospodarcze | |
| 651 | 7 | _aPolska | |
| 655 | 7 | _aUstawa | |
| 658 | _aPrawo i wymiar sprawiedliwości | ||
| 700 | 1 |
_aSalik, Halina _eWybór |
|
| 710 | 2 | _aPolitechnika Koszalińska | |
| 710 | 2 |
_aWydawnictwo Uczelniane (Politechnika Koszalińska) _4pbl |
|
| 856 |
_uhttp://dlibra.tu.koszalin.pl/dlibra/docmetadata?id=229&from=&dirids=1&ver_id=&lp=1&QI= _yBiblioteka Cyfrowa |
||
| 856 |
_uhttp://koha.tu.koszalin.pl/cgi-bin/koha/opac-detail.pl?biblionumber=43613 _yKatalog online BPK |
||
| 942 |
_2UKD _cKS |
||
| 999 |
_c43613 _d43613 |
||